000 01220nam a2200217Ia 4500
003 Ost
005 20260507074932.0
008 260507s9999||||xx |||||||||||||| ||und||
020 _a978995798256
040 _cfsecg
041 _aara
082 _a600
100 _aالحسين، مهدي مأمون
_eمؤلف
245 0 _aالمحاسبة الحكومية /
_c مهدي مأمون الحسين
260 _aعمان:
_bدار الاعصار العلمي للنشر,
_c2017
300 _a225 صفحة؛
_bإيضاحات ؛
_c25 سم
504 _aببليوغرافيا:ص.225
520 _aيتناول تطور الفكر المحاسبي،المعالجة المحاسبية للأصول الثابتة في المحاسبة الحكومية،الحسابات الحكومية العامة(الموازنة العامة)،التنظيمات والقوانين والأنظمة المؤثرة على المحاسبة المالية الحكومية،الميزانية العامة للدولة ومراحل إعدادها،نظام المحاسبة الحكومية،مفهوم الرقابة الداخلية ومراحل تطورها
653 _aالمحاسبة الحكومية
942 _cكتاب
999 _c41857
_d41857